Normal view
MARC view
- المحبة (تصوف إسلامي)
Entry Topical Term
001 - CONTROL NUMBER
- control field: 20479
003 - CONTROL NUMBER IDENTIFIER
- control field: JO-AjAnu
005 - DATE AND TIME OF LATEST TRANSACTION
- control field: 20230606073549.0
008 - FIXED-LENGTH DATA ELEMENTS
- fixed length control field: 230606|| aca||aabn | a|a d
040 ## - CATALOGING SOURCE
- Original cataloging agency: JO-AjAnu
- Transcribing agency: JO-AjAnu
150 ## - HEADING--TOPICAL TERM
- Topical term or geographic name entry element: المحبة (تصوف إسلامي)
670 ## - SOURCE DATA FOUND
- Source citation: Work cat.: (JO-AjAnu)10515: تأليف ، حسن، محمد كامل؛ مراجعة حسن تميم, author 20478, الموسوعة القرآنية : محبة الله في القرآن الكريم